عرض عادي عرض مارك
  • Psychology

مدخل مصطلح موضوعي

عدد التسجيلات المستخدمة في: 2

001 - رقم الضبط

  • حقل الضبط: 17398

003 - معرف رقم الضبط

  • حقل الضبط: OSt

005 - تاريخ ووقت أخر عملية

  • حقل الضبط: 20121009213002.0

008 - عناصر بيانات ثابتة الطول

  • حقل تحكم ثابت الطول: 121009|||a|||||| | ||| d

040 ## - مصدر الفهرسة

  • هيئة الفهرسة الأصلية: OSt
  • وكالة الكتابة: OSt

150 ## - مدخل-- مصطلح تاريخي

  • عنصر مدخل المصطلح الموضوعي او الاسم الجغرافي: Psychology
  • تفريع عام: Research
  • تفريع عام: Methodology.

670 ## - بيانات المصدر موجوده

  • الاستشهاد بالمصدر: Work cat.: (OSt)0: Marczyk, Geoffrey R., 1964- 17397, Essentials of research design and methodology /, c2005.